| 000 | 01186nam a2200349 a 4500 | ||
|---|---|---|---|
| 001 | 000010615 | ||
| 003 | 000010615 | ||
| 005 | 20180202154958.0 | ||
| 008 | 091008s2002 dr 001 p spa d | ||
| 020 | _a9993403350 | ||
| 040 |
_aBPMET _bspa _cBPMET |
||
| 049 | _aBNPD | ||
| 092 |
_aRD861.44 _bP123d |
||
| 100 | 1 |
_aPadilla Almarante, Natividad, _d1960- |
|
| 245 | 1 | 0 |
_aDesvelos / _cNatividad Padilla Almarante; prólogo José L. Almarales Santiesteban. |
| 260 |
_aSanto Domingo, _c2002. |
||
| 300 |
_a99 p. : _c21 cm. |
||
| 650 | 4 | _aPOESÍA DOMINICANA | |
| 650 | 4 | _aLITERATURA DOMINICANA | |
| 700 | 1 |
_aAlmarales Santiesteban, José L. _epról. |
|
| 910 | _aValidado. Control de calidad BNPHU | ||
| 930 | 1 |
_lBND01 _mLF1 _820091008 _f04 _pHD _g5764 _he. 3 |
|
| 930 | 1 |
_lBND01 _mLF1 _820091008 _f01 _pHD _g5763 |
|
| 930 | 1 |
_lBND01 _mLF1 _820091008 _f01 _pHD _g5763 _he. 2 |
|
| 942 |
_2ddc _cBK |
||
| 945 | _aInventariado, 2018 / BT | ||
| 956 |
_aSARMENTERO _b10 _c20091008 _lBND01 _h1313 |
||
| 956 |
_aSARMENTERO _b10 _c20091008 _lBND01 _h1313 |
||
| 956 |
_aIGARCIA _b10 _c20091010 _lBND01 _h1124 |
||
| 956 |
_aDGARCIA _b10 _c20091013 _lBND01 _h1001 |
||
| 956 |
_aMMOLINA _b40 _c20101006 _lBND01 _h0931 |
||
| 999 |
_c7176 _d7176 |
||